000 00753nam a22002177a 4500
999 _c21358
_d21358
003 AR-CdUCM
008 190416b ||||| |||| 00| 0 spa d
040 _aMUNICIPALIDAD PROVINCIAL DEL CUSCO
_cBIBLIOTECA MUNICIPAL DEL CUSCO
082 _a1329.85/L18
_bL18
100 _aLajo Lazo, Javier
_944544
245 _a¡Allin Kausay! el retorno de los Qhapaq Inka /
_cJavier Lajo
260 _aLima ;
_bAmaro runa,
_c2015.
300 _a385 Páginas. :
_c22 cm.
505 _aContenido: Arnawan y las Amazonas -- La agonía de Shanti -- La Isla del Sol ...
650 _aFilosofía Inka
_930169
650 _aSabiduría Inka
_944545
650 _aFilosofía andina
_911655
650 _aLiteratura andina
_915188
942 _2ddc
_cLIBROS
945 _aRoel